[Event "FSFMA December 2012"]
[Site "Budapest HUN"]
[Date "2012.12.05"]
[Round "4.2"]
[White "Bohus,Adam"]
[Black "Grimm,G"]
[Result "1/2-1/2"]
[WhiteElo "1819"]
[BlackElo "2043"]
[WhiteFideId "759627"]
[BlackFideId "740098"]
[EventDate "2012.12.01"]

1. d4 d5 2. Nf3 Nf6 3. c4 c6 4. e3 Bg4 5. h3 Bh5 6. Nbd2 e6 7. Bd3 Nbd7 8. Qc2
Bd6 9. b3 O-O 10. Bb2 Bg6 11. Bxg6 hxg6 12. O-O Re8 13. Ne5 Qc7 14. Ndf3 Rad8
15. Rfd1 Qb8 16. Rac1 Bc7 17. Qe2 a6 1/2-1/2

[Event "FSFMA December 2012"]
[Site "Budapest HUN"]
[Date "2012.12.05"]
[Round "4.3"]
[White "Juracsik,J"]
[Black "Farkas,R"]
[Result "1/2-1/2"]
[WhiteElo "2145"]
[BlackElo "2115"]
[WhiteFideId "703982"]
[BlackFideId "703850"]
[EventDate "2012.12.01"]

1. e4 c5 2. Nf3 g6 3. d4 cxd4 4. Qxd4 Nf6 5. e5 Nc6 6. Qa4 Nd5 7. Qe4 Nc7 8. Nc3
Bg7 9. Bc4 O-O 10. O-O Rb8 11. a4 b6 12. Re1 Bb7 13. Qh4 Na5 14. Bg5 Re8 15. Ba2
Ne6 16. Nd5 Bxd5 17. Bxd5 Nxg5 18. Nxg5 e6 19. Qxh7+ Kf8 20. Nxf7 Kxf7 21. Ra3
Rg8 22. Bxe6+ dxe6 23. Rf3+ Ke7 24. Qxg6 Qe8 25. Qg5+ Kd7 26. Rc3 Qf7 27. Rd1+
Ke8 28. Rf3 Bf8 29. Qd2 Qe7 30. Qd3 b5 31. Qe4 Rd8 32. Rxd8+ Qxd8 33. Rd3 Qc8
34. g3 Qb7 35. Qh4 Nc6 36. axb5 Qxb5 37. Qh5+ Ke7 38. Qh4+ Ke8 39. Qh5+ Ke7 1/2-1/2

[Event "FSFMA December 2012"]
[Site "Budapest HUN"]
[Date "2012.12.05"]
[Round "4.4"]
[White "Montolio Benedicto,C"]
[Black "Marcu,Simon"]
[Result "1-0"]
[WhiteElo "1962"]
[BlackElo "1909"]
[WhiteFideId "2205939"]
[BlackFideId "14933101"]
[EventDate "2012.12.01"]

1. e4 c6 2. d4 d5 3. Nc3 dxe4 4. Nxe4 Bf5 5. Ng3 Bg6 6. h4 h6 7. Nf3 e6 8. h5
Bh7 9. Bd3 Bxd3 10. Qxd3 Bd6 11. Ne4 Nf6 12. Nxd6+ Qxd6 13. Ne5 Nbd7 14. Nxd7
Qxd7 15. Bd2 O-O-O 16. Bc3 Qd5 17. Qe2 Qxg2 18. O-O-O Qe4 19. Qxe4 Nxe4 20. Be1
Rd5 21. Rd3 Rf5 22. Rdh3 Nxf2 23. Bxf2 Rxf2 24. Rg3 Rg8 25. Rhg1 Kd8 26. Rxg7
Rf1+ 27. Rxf1 Rxg7 28. Rf6 Rh7 29. Kd2 Ke7 30. Rf3 Rg7 31. Ra3 f5 32. Rxa7 Kf6
33. Ra3 Rg2+ 34. Kd1 e5 35. dxe5+ Kxe5 36. Re3+ Kd5 37. Re7 Rh2 38. Rxb7 Rxh5
39. a4 Ke4 40. a5 f4 41. a6 Ra5 42. a7 Ke3 43. Rb3+ Kf2 44. Ra3 Re5 45. a8=Q
Re1+ 46. Kd2 Re2+ 1-0

[Event "FSFMA December 2012"]
[Site "Budapest HUN"]
[Date "2012.12.05"]
[Round "4.5"]
[White "Kuehn,Mat"]
[Black "Mayer,I"]
[Result "0-1"]
[BlackTitle "FM"]
[WhiteElo "1958"]
[BlackElo "2058"]
[WhiteFideId "24681288"]
[BlackFideId "700908"]
[EventDate "2012.12.01"]

1. e4 e6 2. Nc3 d5 3. g3 Nf6 4. Bg2 Nc6 5. d3 Bb4 6. Bd2 h6 7. h3 a6 8. Nge2 Be7
9. O-O dxe4 10. dxe4 Bc5 11. Kh2 g5 12. f4 h5 13. fxg5 Ng4+ 14. hxg4 hxg4+ 15.
Bh3 Rxh3+ 16. Kg2 Ke7 17. Nf4 Qh8 18. Rh1 Rxh1 19. Qxh1 Qxh1+ 20. Rxh1 Ne5 21.
Rh7 b5 22. g6 Bb7 23. g7 Rg8 24. Nh5 f5 25. Rh8 Kf7 26. Bh6 Nd7 27. a3 Bd4 28.
Rxg8 Kxg8 29. Nf4 Nc5 30. Kf1 fxe4 31. Nfe2 Bxg7 32. Bxg7 Kxg7 33. b4 Nd7 34.
Nf4 Kf6 35. Ke2 Nb6 36. Nd1 Nc4 37. Ne3 e5 38. Nfd5+ Ke6 39. Nxc7+ Kd6 40. Ne8+
Ke7 41. Ng7 Nxa3 42. Ngf5+ Kf6 43. Nh6 Kg5 44. Nhxg4 Nxc2 45. Nxc2 Kxg4 46. Kf2
e3+ 47. Nxe3+ Kh3 48. Nf1 Bd5 49. Nd2 Kg4 50. Nf1 Kf5 51. Ne3+ Ke4 52. Nxd5 Kxd5
53. Ke3 a5 54. bxa5 b4 55. g4 b3 56. Kd2 e4 57. a6 Kc6 58. g5 e3+ 59. Kxe3 b2
60. g6 b1=Q 0-1

[Event "FSFMA December 2012"]
[Site "Budapest HUN"]
[Date "2012.12.06"]
[Round "5.2"]
[White "Marcu,Simon"]
[Black "Kuehn,Mat"]
[Result "0-1"]
[WhiteElo "1909"]
[BlackElo "1958"]
[WhiteFideId "14933101"]
[BlackFideId "24681288"]
[EventDate "2012.12.01"]

1. d4 g6 2. c4 Bg7 3. e4 d6 4. Nc3 Nc6 5. Be3 h6 6. Be2 Bd7 7. f4 e5 8. fxe5
dxe5 9. d5 Nce7 10. Nf3 f5 11. O-O f4 12. Bc5 g5 13. Ne1 Ng6 14. Bh5 Kf7 15. Nd3
Qe8 16. a4 a6 17. a5 Nf6 18. b4 g4 19. Bxg6+ Kxg6 20. b5 Nh5 21. b6 Qc8 22. bxc7
Qxc7 23. d6 Qd8 24. Qe1 Qg5 25. g3 Raf8 26. Ra2 Rf7 27. Kg2 Rhf8 28. Raf2 Bf6
29. Rh1 Bd8 30. Nd5 Kh7 31. Ne7 Ng7 32. Rhf1 Ne6 33. Nd5 h5 34. Qa1 Nxc5 35.
Nxc5 f3+ 36. Kg1 Re8 37. Qc1 Qg6 38. Nxb7 Bg5 39. Qc2 Bc6 40. Nc5 Qxd6 41. Nd3
Bxd5 42. c5 Qg6 43. exd5 Be3 44. Re1 Bxf2+ 45. Kxf2 e4 46. Qc3 Qg5 47. Nf4 Rxf4
48. gxf4 Qxf4 49. Qc1 e3+ 50. Rxe3 Qxh2+ 51. Ke1 Qg1+ 0-1

[Event "FSFMA December 2012"]
[Site "Budapest HUN"]
[Date "2012.12.06"]
[Round "5.3"]
[White "Farkas,R"]
[Black "Montolio Benedicto,C"]
[Result "1-0"]
[WhiteElo "2115"]
[BlackElo "1962"]
[WhiteFideId "703850"]
[BlackFideId "2205939"]
[EventDate "2012.12.01"]

1. d4 Nf6 2. c4 g6 3. Nc3 Bg7 4. e4 d6 5. Nf3 O-O 6. h3 e5 7. d5 Na6 8. Bg5 Qe8
9. Bd3 Bd7 10. Qd2 Nc5 11. Bc2 a5 12. O-O-O Na4 13. Nxa4 Bxa4 14. g4 Bxc2 15.
Qxc2 b5 16. c5 Nd7 17. Be3 Qe7 18. c6 Nf6 19. Kb1 Qe8 20. Rdg1 Qb8 21. Nd2 a4
22. h4 b4 23. Qd3 Ra5 24. h5 Qb5 25. Nc4 Rb8 26. f3 Raa8 27. Rc1 Qa6 28. Qd2 b3
29. a3 Qb5 30. Bh6 Bf8 31. Bxf8 Kxf8 32. Qg5 Ke7 33. Nxe5 dxe5 34. Qxe5+ 1-0

[Event "FSFMA December 2012"]
[Site "Budapest HUN"]
[Date "2012.12.06"]
[Round "5.4"]
[White "Grimm,G"]
[Black "Juracsik,J"]
[Result "1/2-1/2"]
[WhiteElo "2043"]
[BlackElo "2145"]
[WhiteFideId "740098"]
[BlackFideId "703982"]
[EventDate "2012.12.01"]

1. d4 Nf6 2. c4 g6 3. Nc3 Bg7 4. e4 d6 5. f3 O-O 6. Be3 Nbd7 7. Nh3 e5 8. Qd2
exd4 9. Bxd4 Ne5 10. Nf2 Re8 11. Rd1 Nh5 12. Be2 f5 13. f4 Nc6 14. Bxg7 Nxg7 15.
O-O Be6 16. b3 Bf7 17. Bf3 Ne6 1/2-1/2

[Event "FSFMA December 2012"]
[Site "Budapest HUN"]
[Date "2012.12.06"]
[Round "5.5"]
[White "Lukacs,Albert"]
[Black "Bohus,Adam"]
[Result "1/2-1/2"]
[WhiteElo "1858"]
[BlackElo "1819"]
[WhiteFideId "767190"]
[BlackFideId "759627"]
[EventDate "2012.12.01"]

1. e4 e5 2. Nf3 Nc6 3. Bc4 Nf6 4. d3 Bc5 5. O-O d6 6. Bg5 h6 7. Bh4 g5 8. Bg3
Bg4 9. c3 Bb6 10. Nbd2 Qd7 11. b4 Ne7 12. Qc2 Ng6 13. d4 exd4 14. Nxd4 O-O-O 15.
f3 Be6 16. Bxe6 fxe6 17. Bf2 g4 18. Nc4 gxf3 19. Nxb6+ axb6 20. Nxf3 Ng4 21. Qd2
Nxf2 22. Rxf2 Qc6 23. Nd4 Qd7 24. Rf6 1/2-1/2

[Event "FSFMA December 2012"]
[Site "Budapest HUN"]
[Date "2012.12.07"]
[Round "6.2"]
[White "Juracsik,J"]
[Black "Lukacs,Albert"]
[Result "1-0"]
[WhiteElo "2145"]
[BlackElo "1858"]
[WhiteFideId "703982"]
[BlackFideId "767190"]
[EventDate "2012.12.01"]

1. e4 e5 2. Nf3 d6 3. d4 Nd7 4. Bc4 c6 5. a4 Be7 6. O-O Ngf6 7. Nc3 O-O 8. Qe2
Qc7 9. h3 h6 10. Rd1 Rd8 11. Ba2 exd4 12. Nxd4 Nf8 13. Be3 Ng6 14. f4 Bf8 15. f5
Ne5 16. g4 d5 17. exd5 Nexg4 18. hxg4 Qg3+ 19. Kf1 Nxg4 20. Bg1 c5 21. Ne6 fxe6
22. dxe6 Re8 23. e7+ Kh8 24. Rd3 Qh4 25. Nd5 Bxf5 26. Rf3 Bxe7 27. Rxf5 Qh3+ 28.
Qg2 Nh2+ 29. Bxh2 Qxf5+ 30. Kg1 Rad8 31. Bc7 Rc8 32. Rf1 Qg5 33. Bf4 Qxg2+ 34.
Kxg2 Bd8 35. Bc4 a6 36. b3 Rc6 37. Bg3 Bf6 38. Nf4 Bd4 39. Bd5 Rf6 40. Bf3 g5
41. Nh5 Rf7 42. Rd1 b5 43. axb5 axb5 44. b4 Kh7 45. bxc5 Bxc5 46. Rd5 Be3 47.
Rxb5 Rxf3 48. Kxf3 Kg6 49. Be5 Kxh5 50. Kxe3 Rf8 51. Rb6 Rf5 52. Bg7 1-0

[Event "FSFMA December 2012"]
[Site "Budapest HUN"]
[Date "2012.12.07"]
[Round "6.3"]
[White "Montolio Benedicto,C"]
[Black "Grimm,G"]
[Result "1/2-1/2"]
[WhiteElo "1962"]
[BlackElo "2043"]
[WhiteFideId "2205939"]
[BlackFideId "740098"]
[EventDate "2012.12.01"]

1. e4 c5 2. c3 d5 3. exd5 Qxd5 4. d4 Nc6 5. Nf3 Bg4 6. Be2 e6 7. Be3 cxd4 8.
cxd4 Nf6 9. Nc3 Qd6 10. a3 Be7 11. O-O O-O 12. Qa4 Bh5 13. h3 a6 14. Rfd1 Rfd8
15. Rac1 Rac8 16. Qb3 Na5 17. Qa4 Nc6 18. Qb3 Na5 19. Qa4 Nc6 1/2-1/2

[Event "FSFMA December 2012"]
[Site "Budapest HUN"]
[Date "2012.12.07"]
[Round "6.4"]
[White "Kuehn,Mat"]
[Black "Farkas,R"]
[Result "1/2-1/2"]
[WhiteElo "1958"]
[BlackElo "2115"]
[WhiteFideId "24681288"]
[BlackFideId "703850"]
[EventDate "2012.12.01"]

1. e4 c5 2. Nc3 Nc6 3. f4 d6 4. Nf3 g6 5. d3 Bg7 6. h3 e6 7. g3 Nge7 8. Bg2 O-O
9. O-O Rb8 10. Kh2 b5 11. Ne2 d5 12. g4 d4 13. Ng3 Qc7 14. Bd2 f6 15. Qe2 Bd7
16. h4 f5 17. g5 e5 18. exf5 Nxf5 19. Ne4 exf4 20. Rfe1 Rbe8 21. Qf2 Ne3 22.
Rac1 Ng4+ 23. Kg1 Nxf2 24. Kxf2 Ne5 25. h5 1/2-1/2

[Event "FSFMA December 2012"]
[Site "Budapest HUN"]
[Date "2012.12.07"]
[Round "6.5"]
[White "Mayer,I"]
[Black "Marcu,Simon"]
[Result "1/2-1/2"]
[WhiteTitle "FM"]
[WhiteElo "2058"]
[BlackElo "1909"]
[WhiteFideId "700908"]
[BlackFideId "14933101"]
[EventDate "2012.12.01"]

1. e4 e5 2. Nf3 d6 3. d4 exd4 4. Nxd4 Nf6 5. Nc3 Be7 6. Bf4 O-O 7. Qf3 Bg4 8.
Qg3 Nc6 9. Nxc6 bxc6 10. Bd3 Bh5 11. e5 dxe5 12. Bxe5 Bd6 13. O-O Rb8 14. Ne4
Bxe5 15. Qxe5 Nxe4 16. Qxh5 Nf6 17. Qc5 Qd6 18. Qxa7 Ng4 19. g3 Rxb2 20. Rad1
Qh6 21. h4 Qe6 22. Qd4 Ne5 23. Be4 Rxc2 24. Bxh7+ Kxh7 25. Qe4+ Kg8 26. Qxc2
Nf3+ 27. Kg2 Nxh4+ 28. gxh4 Qg4+ 29. Kh2 Qxh4+ 30. Kg2 Qg4+ 1/2-1/2

[Event "FSFMA December 2012"]
[Site "Budapest HUN"]
[Date "2012.12.08"]
[Round "7.2"]
[White "Farkas,R"]
[Black "Mayer,I"]
[Result "1/2-1/2"]
[BlackTitle "FM"]
[WhiteElo "2115"]
[BlackElo "2058"]
[WhiteFideId "703850"]
[BlackFideId "700908"]
[EventDate "2012.12.01"]

1. e4 e6 2. d4 d5 3. Nc3 Bb4 4. e5 c5 5. a3 Bxc3+ 6. bxc3 Ne7 7. Nf3 Nbc6 8. Bd3
h6 9. O-O Qa5 10. Qd2 cxd4 11. cxd4 Qxd2 12. Bxd2 Bd7 13. Rab1 b6 14. c3 O-O 15.
Nh4 Na5 16. f4 Rac8 17. Rf3 Nc4 18. Bc1 Nf5 19. g3 Nxh4 20. gxh4 f6 21. Rg3 f5
22. Kf2 Kf7 23. Ke2 Rc7 24. Ra1 Be8 25. a4 Na5 26. Ba3 Rg8 27. Bc2 Nc4 28. Bb3
Nxa3 29. Rxa3 a5 30. Kd2 g5 31. hxg5 hxg5 32. fxg5 Rh8 33. h3 Kg6 34. Bc2 Rch7
35. Rb3 b5 36. axb5 a4 37. Rb1 a3 38. b6 Bc6 39. Ra1 Ra8 40. c4 dxc4 41. Raxa3
Rxa3 42. Rxa3 Kxg5 43. Ra7 Rxh3 44. Rc7 c3+ 45. Ke1 Rh1+ 46. Kf2 Rh2+ 47. Ke1
Rh1+ 48. Kf2 Rh2+ 49. Ke1 1/2-1/2

[Event "FSFMA December 2012"]
[Site "Budapest HUN"]
[Date "2012.12.08"]
[Round "7.3"]
[White "Grimm,G"]
[Black "Kuehn,Mat"]
[Result "1-0"]
[WhiteElo "2043"]
[BlackElo "1958"]
[WhiteFideId "740098"]
[BlackFideId "24681288"]
[EventDate "2012.12.01"]

1. e4 g6 2. d4 Bg7 3. c4 d6 4. Nc3 Nc6 5. Be3 e5 6. Nge2 f5 7. f3 Nge7 8. Qd2 f4
9. Bf2 g5 10. O-O-O Ng6 11. Kb1 a6 12. dxe5 Ncxe5 13. c5 Be6 14. Nd4 Qe7 15. Nf5
Qf7 16. cxd6 Bxf5 17. exf5 Qxf5+ 18. Ne4 cxd6 19. Qxd6 Nf7 20. Qb4 Be5 21. Bc5
Rd8 22. Bc4 Rd7 23. Rhe1 Ne7 24. Rxd7 Qxd7 25. Bxf7+ Kxf7 26. Nxg5+ Kg6 27. Bxe7
Re8 28. Qe4+ Qf5 29. Qxf5+ Kxf5 30. Bd6 Bxd6 31. Rxe8 Kxg5 32. Kc2 b6 33. Kd3
Bc5 34. Re5+ Kh4 35. Rxc5 bxc5 36. Kc4 1-0

[Event "FSFMA December 2012"]
[Site "Budapest HUN"]
[Date "2012.12.08"]
[Round "7.4"]
[White "Lukacs,Albert"]
[Black "Montolio Benedicto,C"]
[Result "0-1"]
[WhiteElo "1858"]
[BlackElo "1962"]
[WhiteFideId "767190"]
[BlackFideId "2205939"]
[EventDate "2012.12.01"]

1. e4 e5 2. d4 exd4 3. c3 dxc3 4. Nxc3 d6 5. Bc4 Nc6 6. Nf3 Nf6 7. Bg5 Be7 8.
Qd2 O-O 9. O-O-O a6 10. h4 b5 11. Bd5 Bb7 12. Qf4 Qc8 13. g4 Nb4 14. Bxf6 Bxf6
15. e5 Nxd5 16. Nxd5 dxe5 17. Nxf6+ gxf6 18. Qxf6 Qe6 19. Qg5+ Qg6 20. Qe3 Qc6+
21. Kb1 Qxf3 22. Qg5+ Kh8 23. h5 Qf4 24. Qe7 0-1

[Event "FSFMB December 2012"]
[Site "Budapest HUN"]
[Date "2012.12.01"]
[Round "1.1"]
[White "Mihajlova,D"]
[Black "Bella,Zsolt"]
[Result "1/2-1/2"]
[WhiteElo "1479"]
[BlackElo "1401"]
[WhiteFideId "468444"]
[BlackFideId "760137"]
[EventDate "2012.12.01"]

1. e4 d6 2. d4 g6 3. Be3 Bg7 4. Bc4 Nf6 5. f3 Nc6 6. Qd2 a6 7. e5 dxe5 8. d5 Nb8
9. Nc3 b5 10. Bb3 O-O 11. Nge2 Bb7 12. g4 Ne8 13. Ng3 Nd6 14. h4 f5 15. Bh6 Nc4
16. Bxc4 bxc4 17. O-O-O Nd7 18. Bxg7 Kxg7 19. gxf5 Nf6 20. fxg6 hxg6 21. h5 Rh8
22. Rdg1 Bc8 23. h6+ Kf7 24. Qg5 Qd6 25. Nf5 Bxf5 26. Rh4 c6 27. Ne4 Qxd5 28.
Rd1 Qa5 29. a3 Rad8 30. Rxd8 Rxd8 31. Rh1 Nxe4 32. fxe4 Bxe4 33. Rf1+ Bf5 34.
Kb1 e6 35. Qe3 Rd7 36. h7 Kg7 37. Rh1 Kh8 38. Qg5 Rxh7 39. Qf6+ Kg8 40. Rd1 Rg7
41. Rd8+ Qxd8 42. Qxd8+ Kh7 43. Qh4+ Kg8 44. Qxc4 g5 45. Qxc6 g4 46. Qa8+ Kh7
47. Qh1+ Kg8 48. Qa8+ 1/2-1/2

[Event "FSFMB December 2012"]
[Site "Budapest HUN"]
[Date "2012.12.01"]
[Round "1.2"]
[White "Czipp,J"]
[Black "Nemeth,O"]
[Result "0-1"]
[WhiteElo "1445"]
[BlackElo "1781"]
[WhiteFideId "739294"]
[BlackFideId "709620"]
[EventDate "2012.12.01"]

1. e4 c5 2. Nf3 d6 3. d4 cxd4 4. Nxd4 Nc6 5. Nc3 Bd7 6. Be3 Rc8 7. Qd2 a6 8.
O-O-O Nf6 9. h3 h5 10. f4 e6 11. Be2 Qc7 12. Nb3 b5 13. Bf3 Be7 14. g4 h4 15. f5
Ne5 16. Be2 b4 17. Bxa6 bxc3 18. bxc3 Ra8 19. Qe2 Nxe4 20. Bd4 Ng3 21. Qg2 Bc6
22. Bb5 Rc8 23. Bxc6+ Qxc6 24. Qxc6+ Rxc6 25. Rhe1 exf5 26. gxf5 Nxf5 27. Bxe5
dxe5 28. Rxe5 g6 29. Rd3 Kf8 30. Nd4 Nxd4 31. cxd4 Bf6 32. Re2 Kg7 33. c3 Rd8
34. Rc2 Rb6 35. Rb2 Rc6 36. Rc2 g5 37. Kd2 Kg6 38. d5 Rc4 39. Rb2 Rf4 40. d6 Rd7
41. Ke3 Rc4 42. Kd2 Be5 43. Rb6 Ra4 44. Kc2 Rxa2+ 45. Kb3 Ra1 46. Kc4 Ra8 47.
Rd5 Rc8+ 48. Rc5 Rxc5+ 49. Kxc5 g4 50. hxg4 h3 51. Kd5 f6 52. c4 Rxd6+ 0-1

[Event "FSFMB December 2012"]
[Site "Budapest HUN"]
[Date "2012.12.03"]
[Round "2.1"]
[White "Bella,Zsolt"]
[Black "Engelbrecht,I"]
[Result "1/2-1/2"]
[WhiteElo "1401"]
[BlackElo "1640"]
[WhiteFideId "760137"]
[BlackFideId "733563"]
[EventDate "2012.12.01"]

1. d4 Nf6 2. c4 g6 3. Nc3 Bg7 4. Nf3 d6 5. g3 c6 6. Bf4 O-O 7. e4 Nbd7 8. Bg2
Ne8 9. b4 Nc7 10. O-O e5 11. Be3 h6 12. Qc1 Kh7 13. dxe5 dxe5 14. Rd1 Qe8 15.
Bh3 Nb6 16. Bxc8 Qxc8 17. Bxb6 axb6 18. Qe3 Qg4 19. Kg2 Ne6 20. h3 Nf4+ 21. Qxf4
exf4 22. hxg4 Bxc3 23. Rab1 fxg3 24. Kxg3 Rfd8 25. Rxd8 Rxd8 26. Rb3 Bg7 27. Ra3
Rd7 28. Rb3 g5 29. e5 Kg6 30. Re3 1/2-1/2

[Event "FSFMB December 2012"]
[Site "Budapest HUN"]
[Date "2012.12.03"]
[Round "2.3"]
[White "Mihajlova,D"]
[Black "Czipp,J"]
[Result "1-0"]
[WhiteElo "1479"]
[BlackElo "1445"]
[WhiteFideId "468444"]
[BlackFideId "739294"]
[EventDate "2012.12.01"]

1. e4 c5 2. Nf3 Nc6 3. d4 cxd4 4. Nxd4 Nf6 5. Nc3 a6 6. Bg5 e5 7. Bxf6 gxf6 8.
Nxc6 bxc6 9. Bc4 d6 10. Qe2 Qe7 11. O-O-O Be6 12. Bxa6 Qa7 13. Bc4 Bh6+ 14. Kb1
Ke7 15. Bxe6 fxe6 16. Rhf1 Rab8 17. Qd3 Qc7 18. g3 Rhd8 19. Qf3 Bg7 20. Qg4 Rg8
21. f4 exf4 22. gxf4 f5 23. Qh4+ Bf6 24. Qxh7+ Rg7 25. Qh3 fxe4 26. f5 Qa5 27.
Rxd6 Rxb2+ 28. Kxb2 Qb4+ 29. Kc1 Qxd6 30. Nxe4 Bg5+ 31. Nxg5 Rxg5 32. f6+ Kf8
33. Qh6+ Kf7 34. Qxg5 Qa3+ 35. Kd1 Qd6+ 36. Qd2 1-0

[Event "FSFMB December 2012"]
[Site "Budapest HUN"]
[Date "2012.12.04"]
[Round "3.1"]
[White "Czipp,J"]
[Black "Bella,Zsolt"]
[Result "1-0"]
[WhiteElo "1445"]
[BlackElo "1401"]
[WhiteFideId "739294"]
[BlackFideId "760137"]
[EventDate "2012.12.01"]

1. e4 d6 2. Nf3 g6 3. d4 Bg7 4. Be3 Bg4 5. h3 Bxf3 6. Qxf3 c6 7. c3 Qb6 8. b3
Nf6 9. Bd3 Qc7 10. Nd2 Nbd7 11. O-O O-O 12. Rac1 Qa5 13. Rc2 d5 14. e5 Ne8 15.
Qe2 c5 16. Bb5 Qc7 17. Bxd7 Qxd7 18. Nf3 f6 19. Bf4 Qf5 20. Qd2 fxe5 21. Bxe5
Bxe5 22. Nxe5 Rc8 23. Nf3 Nd6 24. Qc1 Nb5 25. Qb2 cxd4 26. c4 dxc4 27. bxc4 Nc3
28. Nxd4 Qd3 29. Qxc3 Qxc3 30. Rxc3 Rf6 31. Re1 Kf7 32. Nf3 Rc7 33. Ng5+ Kg8 34.
Re4 h6 35. Nf3 a6 36. Rce3 Kf8 37. Rd3 Ke8 38. Nd2 b5 39. a3 Rfc6 40. Rdd4 Kf7
41. Kh2 e5 42. Rxe5 bxc4 43. Re1 c3 44. Nf3 Kg7 45. Rc1 a5 46. Rc2 Kf6 47. Re4
Rb6 48. Nd4 Rc4 49. f3 Rd6 50. Nb3 Rxe4 51. fxe4 Rc6 52. Kg3 h5 53. Kf3 Ke5 54.
Ke3 Rc4 55. Kd3 Rxe4 56. Kxc3 Ra4 57. Kb2 Kf4 58. Rc3 g5 1-0

[Event "FSFMB December 2012"]
[Site "Budapest HUN"]
[Date "2012.12.04"]
[Round "3.3"]
[White "Engelbrecht,I"]
[Black "Nemeth,O"]
[Result "1-0"]
[WhiteElo "1640"]
[BlackElo "1781"]
[WhiteFideId "733563"]
[BlackFideId "709620"]
[EventDate "2012.12.01"]

1. e4 c5 2. Bc4 d6 3. Nc3 Nc6 4. h3 h5 5. Nf3 Nf6 6. d4 cxd4 7. Nxd4 Qb6 8. Nb3
e6 9. Be3 Qc7 10. Nb5 Qd8 11. Nc3 a6 12. a4 Na5 13. Nxa5 Qxa5 14. O-O Bd7 15.
Bd2 Qc7 16. Qe2 Rc8 17. Bb3 Be7 18. Bg5 Bc6 19. Rad1 Ng8 20. Qe3 f6 21. Bf4 g5
22. Bh2 Bd7 23. Qd3 Nh6 24. Bxd6 Bxd6 25. Qxd6 Qxd6 26. Rxd6 Nf7 27. Rb6 Ke7 28.
Rxb7 Ne5 29. Rd1 h4 30. a5 g4 31. Ba4 Rcd8 32. Bxd7 Rxd7 33. Rdxd7+ Nxd7 34.
hxg4 h3 35. gxh3 Rxh3 36. Kg2 Rh6 37. Ra7 Rg6 38. Kg3 Kd8 39. Rxa6 Ne5 40. f3
Kd7 41. Ne2 Rg8 42. Nd4 Re8 43. b4 Nc4 44. Rc6 Na3 45. Rc3 Nb1 46. Rc6 e5 47.
Rxf6 exd4 48. Rf5 Rd8 49. Rd5+ Kc7 50. Rxd8 Kxd8 51. a6 Kc7 52. g5 Na3 53. g6
Nxc2 54. g7 d3 55. g8=Q 1-0

[Event "FSFMB December 2012"]
[Site "Budapest HUN"]
[Date "2012.12.05"]
[Round "4.1"]
[White "Bella,Zsolt"]
[Black "Nemeth,O"]
[Result "0-1"]
[WhiteElo "1401"]
[BlackElo "1781"]
[WhiteFideId "760137"]
[BlackFideId "709620"]
[EventDate "2012.12.01"]

1. d4 Nf6 2. c4 e5 3. Bg5 exd4 4. Qxd4 Be7 5. Nc3 Nc6 6. Qd2 h6 7. Bxf6 Bxf6 8.
Nf3 O-O 9. Nd5 d6 10. e3 Be6 11. Nxf6+ Qxf6 12. Rc1 a5 13. a3 b6 14. Nd4 Nxd4
15. exd4 Rfe8 16. Be2 Bg4 17. f3 Bh5 18. O-O Re7 19. Rf2 Rae8 20. Re1 g5 21. g4
Bg6 22. f4 gxf4 23. Rxf4 Qg5 24. h3 Rxe2 25. Rxe2 Rxe2 26. Qxe2 Qxf4 27. d5 Be4
28. Qf2 Qc1+ 29. Kh2 Qxc4 30. Qe3 Qxd5 31. Qxh6 Bh1 32. Kg3 Qe5+ 33. Kh4 Bg2 34.
Qd2 Bf1 35. Qf2 Bd3 36. Qd2 Bg6 37. Qc1 c5 38. Qd2 d5 39. b4 axb4 40. axb4 c4
41. Qf2 d4 42. Qf3 d3 43. Qc6 d2 44. Qc8+ Kg7 45. Qd7 Bd3 0-1

[Event "FSFMB December 2012"]
[Site "Budapest HUN"]
[Date "2012.12.06"]
[Round "5.2"]
[White "Engelbrecht,I"]
[Black "Czipp,J"]
[Result "1-0"]
[WhiteElo "1640"]
[BlackElo "1445"]
[WhiteFideId "733563"]
[BlackFideId "739294"]
[EventDate "2012.12.01"]

1. e4 c5 2. Bc4 Nc6 3. Nf3 e6 4. Nc3 a6 5. a4 d6 6. d4 cxd4 7. Nxd4 Nf6 8. Nxc6
bxc6 9. O-O Be7 10. Be3 Qc7 11. Re1 O-O 12. a5 Nd7 13. Na4 c5 14. Qe2 Ne5 15.
Nb6 Ra7 16. Nxc8 Qxc8 17. Ba2 Rd7 18. c3 Nc6 19. Bc4 Qc7 20. Bxa6 d5 21. exd5
Rxd5 22. Bc4 Rdd8 23. a6 Bd6 24. h3 Qb6 25. b4 Na7 26. Reb1 Rb8 27. Bd3 Nb5 28.
Qh5 g6 29. Qf3 Qc7 30. Bxb5 Rxb5 31. a7 1-0

[Event "FSFMB December 2012"]
[Site "Budapest HUN"]
[Date "2012.12.06"]
[Round "5.3"]
[White "Nemeth,O"]
[Black "Mihajlova,D"]
[Result "0-1"]
[WhiteElo "1781"]
[BlackElo "1479"]
[WhiteFideId "709620"]
[BlackFideId "468444"]
[EventDate "2012.12.01"]

1. e4 c5 2. Bc4 Nc6 3. Nc3 e6 4. Nf3 a6 5. a4 Qc7 6. d3 Nf6 7. h3 Be7 8. Be3 Ne5
9. Nxe5 Qxe5 10. f4 Qc7 11. Qf3 d6 12. g4 Nd7 13. a5 b6 14. axb6 Nxb6 15. b3 Bb7
16. g5 Rd8 17. Bxa6 d5 18. Bxb7 Qxb7 19. O-O d4 20. Bd2 dxc3 21. Bxc3 O-O 22. h4
f5 23. gxf6 Bxf6 24. Bxf6 Rxf6 25. Kh2 Nd7 26. Qg4 Rg6 27. Qh3 Qc7 28. Rf3 Nf6
29. Rg1 Rh6 30. Qxe6+ Kh8 31. Kh3 Nh5 32. Qf5 Re8 33. e5 Qd8 34. Rg4 Qa8 35. Qe4
Qa1 36. Rf2 Nf6 37. Qc6 Nd7 38. Qxd7 Qh1+ 39. Kg3 Qg1+ 40. Kf3 Qh1+ 41. Rgg2
Qd1+ 42. Ke4 Rg8 43. Qe7 Qe1+ 44. Kd5 Qb4 45. e6 Qd4+ 46. Kc6 Qb4 47. Qd7 Qa5
48. f5 Rxh4 49. f6 Qa6+ 50. Kxc5 Rc8+ 51. Kd5 Qa5+ 52. Kd6 Qc5# 0-1

[Event "FSFMB December 2012"]
[Site "Budapest HUN"]
[Date "2012.12.07"]
[Round "6.1"]
[White "Bella,Zsolt"]
[Black "Mihajlova,D"]
[Result "0-1"]
[WhiteElo "1401"]
[BlackElo "1479"]
[WhiteFideId "760137"]
[BlackFideId "468444"]
[EventDate "2012.12.01"]

1. d4 Nf6 2. c4 e5 3. dxe5 Ne4 4. a3 d6 5. Nf3 Bf5 6. Qd5 c6 7. Qd4 Nd7 8. b4
Qc7 9. Nh4 dxe5 10. Qe3 g6 11. Nxf5 gxf5 12. Qh3 f4 13. e3 Ng5 14. Qf5 Ne6 15.
c5 Ng7 16. Qg4 Nf6 17. Qf3 Ne6 18. Bc4 Ng5 19. Qe2 f3 20. gxf3 O-O-O 21. e4 Nh3
22. Bxf7 Qxf7 23. f4 Nh5 24. Qg4+ Rd7 25. Qxh3 Nxf4 26. Bxf4 exf4 27. f3 Qb3 28.
O-O Bg7 29. Nd2 Qe3+ 30. Rf2 Bxa1 31. Nc4 Rg8+ 32. Kf1 Qc1+ 0-1